00843nam a22002177a 450000500170000001000150001702000260003203500140005803700090007208200140008110000260009524500980012126000440021927000730026330000250033670000320036170000350039394200250042899900190045395201530047220250715114331.0 aENG-145988 a9788197806704c495.00 aEN-129520 bDBAD a370.1521 aM. Udaya Rekha982975 aEducational Psychology:bTheory and Practice/cM. Udaya Rekha; D. Suparna [and] Qudsia Hafeez aNew DelhibNeelkamal Publicationsc2024 a4764/1, 23, Ansari Road, Daryaganj,bNew Delhie110002k011-23244237 axx, 476p.c24cm(pbk) aSuparna, D. eAuthor982976 aHafeez, Qudsia eAuthor982977 2ddccENh370.15mUDA c212364d212364 001040708NFICaLbLd2025-07-15eDelivery of Books Act Divisiong495.00l0o370.15 UDApEN-129520r2025-07-15 00:00:00t1v495.00w2025-07-15yEN